| 000 | 00389nam a22001337a 4500 | ||
|---|---|---|---|
| 082 |
_a622 _bEXT |
||
| 100 |
_aPakistan Army _99121 |
||
| 245 |
_aExtract from the proceedings of the Royal engineer committee _cPakistan Army |
||
| 260 |
_aSchool of Military Engineering _c1906 |
||
| 300 | _axii, 342p,: | ||
| 526 |
_a0 _b0 _c0 _d622_000000000000000_EXT |
||
| 650 |
_aMCE _9379 |
||
| 942 |
_2ddc _cBK |
||
| 999 |
_c552665 _d552665 |
||